LEADER 03654nam 22005535 450 001 9910300139303321 005 20251230065327.0 010 $a3-319-95549-7 024 7 $a10.1007/978-3-319-95549-0 035 $a(CKB)4100000005820395 035 $a(DE-He213)978-3-319-95549-0 035 $a(MiAaPQ)EBC5495483 035 $a(PPN)229915663 035 $a(EXLCZ)994100000005820395 100 $a20180818d2018 u| 0 101 0 $aeng 135 $aurnn#008mamaa 181 $ctxt$2rdacontent 182 $cc$2rdamedia 183 $acr$2rdacarrier 200 10$aCohomology of Arithmetic Groups $eOn the Occasion of Joachim Schwermer's 66th Birthday, Bonn, Germany, June 2016 /$fedited by James W. Cogdell, Günter Harder, Stephen Kudla, Freydoon Shahidi 205 $a1st ed. 2018. 210 1$aCham :$cSpringer International Publishing :$cImprint: Springer,$d2018. 215 $a1 online resource (VII, 304 p. 3 illus., 1 illus. in color.) 225 1 $aSpringer Proceedings in Mathematics & Statistics,$x2194-1017 ;$v245 311 08$a3-319-95548-9 320 $aIncludes bibliographical references. 327 $aL. Clozel: Globally analytic p{adic representations of the pro{p Iwahori subgroup of GL(2) and base change, II: a Steinberg tensor product theorem -- N. Grbac: Eisenstein cohomology and automorphic L-functions -- G. Harder: Eisenstein Cohomology for SL2(Z[i]) and Special Values of L-functions -- K-W. Lan and B. Stroh: Nearby cycles of automorphic _etale sheaves, II -- J. Mahnkopf: On slope subspaces of cohomology of p-adic Verma modules -- A. Raghuram and M. Sarnobat: Cohomological representations and functorial transfer from classical groups -- M.D. Baker and A.W. Reid: Congruence link complements{a 3-dimensional Rademacher Conjecture -- R.A. Kucharczyk and P. Scholze: Topological realizations of absolute Galois groups -- T.N. Venkataramana: Arithmeticity of some monodromy groups. 330 $aThis book discusses the mathematical interests of Joachim Schwermer, who throughout his career has focused on the cohomology of arithmetic groups, automorphic forms and the geometry of arithmetic manifolds. To mark his 66th birthday, the editors brought together mathematical experts to offer an overview of the current state of research in these and related areas. The result is this book, with contributions ranging from topology to arithmetic. It probes the relation between cohomology of arithmetic groups and automorphic forms and their L-functions, and spans the range from classical Bianchi groups to the theory of Shimura varieties. It is a valuable reference for both experts in the fields and for graduate students and postdocs wanting to discover where the current frontiers lie. 410 0$aSpringer Proceedings in Mathematics & Statistics,$x2194-1017 ;$v245 606 $aNumber theory 606 $aTopological groups 606 $aLie groups 606 $aNumber Theory 606 $aTopological Groups and Lie Groups 615 0$aNumber theory. 615 0$aTopological groups. 615 0$aLie groups. 615 14$aNumber Theory. 615 24$aTopological Groups and Lie Groups. 676 $a512.7 702 $aCogdell$b James W.$f1953-$4edt$4http://id.loc.gov/vocabulary/relators/edt 702 $aHarder$b Gu?nter$4edt$4http://id.loc.gov/vocabulary/relators/edt 702 $aKudla$b Stephen S.$f1950-$4edt$4http://id.loc.gov/vocabulary/relators/edt 702 $aShahidi$b Freydoon$4edt$4http://id.loc.gov/vocabulary/relators/edt 906 $aBOOK 912 $a9910300139303321 996 $aCohomology of Arithmetic Groups$91564679 997 $aUNINA